000 00575nam a22001937a 4500
008 150617b xxu||||| |||| 00| 0 eng d
020 _a9781452230047
041 0 _aeng
080 _a339.138
100 1 _aCrane, Frederick G.
245 1 0 _aMarketing for entrepreneurs :
_cFrederick G. Crane, Northeastern University.
250 _aSecond Edition.
260 _aUSA:
_bSAGE;
_c2013.
300 _a245 f.:
_bme il.;
_c23 cm.
505 _aIndex: f.229-244
650 0 _aMarketing
650 0 _aNdërmarrësi
942 _2udc
_cBK
999 _c1061
_d1061